Somewhere in the Middle (Geography) Quiz Stats

 Plays Quiz Updated Dec 28, 2016

Support Sporcle.
Go Orange.
Score 0/20 Timer 01:30
35 Plays Today
% Correct
Lake
94.5%
State
94.4%
New
94%
Saint
90.6%
de
90.5%
Andreas
88.8%
South
87.6%
River
86.8%
Edward
86.7%
Date
82.5%
% Correct
National
77.3%
Lawrence
75.9%
Sky
65.2%
Seri
62.6%
American
57.3%
Phillip
35.7%
San
32%
York
30.6%
Flute
29.8%
Stony
25.8%

You're not logged in!

Compare scores with friends on all Sporcle quizzes.
OR
Log In

From the Vault

Multicategory A-Z Blitz

by sproutcm

Speed is the name of the game.
Remove Ads.
Support Sporcle.
Get the best of Sporcle when you Go Orange. This ad-free experience offers more features, more stats, and more fun while also helping to support Sporcle. Thank you for becoming a member.

Show Comments

Extras

Top Quizzes Today


Score Distribution

Your Account Isn't Verified!

In order to create a playlist on Sporcle, you need to verify the email address you used during registration. Go to your Sporcle Settings to finish the process.

Report this User

Report this user for behavior that violates our Community Guidelines.

Details: